000 00773nam a2200229Ii 4500
003 JO-AjNU
008 230605s9999||||xx |||||||||||||| ||und||
017 _a2009/6/2685
020 _a978-9957-22-315-1
040 _aJO-AjNU
_bara
_erda
_cJO-AjNU
041 _aara
050 1 4 _aHD38.2.G42.2010
100 3 _aالغزو، فاتن عوض,
_eauthor
_947282
245 0 0 _aالقيادة والاشراف الاداري
250 _aط1
264 3 1 _aعمان:دار اسامة للنشر والتوزيع،2010
300 _a280ص
336 _atext
_btxt
_2rdacontent
337 _aunmediated
_bn
_2rdamedia
338 _avolume
_bnc
_2rdacarrier
650 4 _aالرقابة الادارية-ادارة الافراد-الاشراف على الموظفين
_947283
999 _aA20629
_c24197
_d24197